| 000 | 00825nam a22002297a 4500 | ||
|---|---|---|---|
| 999 |
_c17706 _d17706 |
||
| 003 | AR-CdUCM | ||
| 008 | 190509b ||||| |||| 00| 0 spa d | ||
| 040 |
_aMUNICIPALIDAD PROVINCIAL DEL CUSCO _cBIBLIOTECA MUNICIPAL DEL CUSCO |
||
| 082 |
_a321.4 / _bS18 |
||
| 100 |
_aSalvadori, Massimo _937849 |
||
| 245 |
_aDemocracia liberal : _bUna respuesta liberal a los enemigos de la libertad / |
||
| 260 |
_aBuenos Aires : _bÁgora, _c1957. |
||
| 300 |
_a123 páginas ; _c19 cm. |
||
| 440 |
_aColección temas actuales _936311 |
||
| 505 | _aContenido : Una ojeada rápida -- Una definición -- El programa -- El papel de la libertad ... | ||
| 650 |
_aSociales _928612 |
||
| 650 |
_aDemocracia _92598 |
||
| 650 |
_aLiberal _937850 |
||
| 700 |
_aArmengol, J. Rovira _937851 |
||
| 942 |
_2ddc _cLIBROS |
||
| 945 |
_arah _d09/05/2019 |
||